Боги восточных славян - Statistics

General Stats
  • This quiz has been taken 48 times
  • The average score is 2 of 11
Answer Stats
Hint Answer % Correct
Главный бог Перун
98%
Покровитель сказителей и поэзии Велес
26%
Бог кузнец Сварог
26%
Бог плодородия Дажьбог
21%
Бог ветра Стрибог
21%
Покровительница прядения и ткачества Мокошь
14%
Бог солнца Хорс
12%
Вестник между мирами Семаргл
5%
Покровитель скота Волос
5%
Бог предначертанного Род
2%
Бог огоня Сварожич
2%
No matching quizzes found
Score Distribution
Percent of People with Each Score
Percentile by Number Answered
Your Score History
You have not taken this quiz